000 00558cam a22002053a 4500
001 42904
003 PGUSA
005 20140828083956.0
008 130609s2013||||xxu|||||s|||||000 | eng d
040 _aPGUSA
_beng
042 _adc
100 1 _aBlake, Henry Arthur
_cSir
245 1 0 _aChina
_h[electronic resource] /
_cHenry Arthur Blake
260 _bProject Gutenberg,
_c2013
506 _aPublic domain in the USA.
516 _aElectronic text
830 0 _aProject Gutenberg
_v42904
856 4 0 _uhttp://www.gutenberg.org/ebooks/42904
942 _cEB
999 _c272156
_d272156